[Event "Zuerich op"]
[Site "Zuerich"]
[Date "1989.??.??"]
[Round "?"]
[White "Komljenovic, Davor"]
[Black "Haas, Carmi"]
[Result "1-0"]
[WhiteElo "2465"]
[BlackElo "2230"]

1.d4 d5 2.c4 c6 3.Nf3 Nf6 4.Nc3 e6 5.e3 Nbd7 6.Bd3 dxc4 7.Bxc4 b5 8.Bd3 a6
9.e4 c5 10.e5 cxd4 11.Nxb5 axb5 12.exf6 Bb4+ 13.Bd2 Bxd2+ 14.Qxd2 Qxf6 15.Bxb5 O-O
16.O-O Ne5 17.Nxe5 Qxe5 18.Bc6 Rb8 19.b4 Ba6 20.Rfc1 Qd6 21.Rab1 h6 22.b5 Bb7
23.Bxb7 Rxb7 24.a4 Rfb8 25.Qd3 e5 26.Rc4 Rc7 27.h3 Rxc4 28.Qxc4 d3 29.a5 g6
30.b6 Kg7 31.Rd1 Qa3 32.Qd5  1-0

[Event "Zuerich op"]
[Site "Zuerich"]
[Date "1989.??.??"]
[Round "?"]
[White "Mascarinas, Rico"]
[Black "Simon, Ralf Axel"]
[Result "1-0"]
[WhiteElo "2465"]
[BlackElo "2320"]

1.c4 e6 2.d4 d5 3.Nc3 c6 4.Nf3 Nf6 5.e3 Nbd7 6.Qc2 Bd6 7.e4 dxe4 8.Nxe4 Nxe4
9.Qxe4 c5 10.Bd2 Nf6 11.Qd3 b6 12.dxc5 bxc5 13.Bc3 Bb7 14.Rd1 Be7 15.Qxd8+ Rxd8
16.Rxd8+ Bxd8 17.Nd2 O-O 18.f3 Nh5 19.Kf2 Be7 20.Be2 Nf4 21.Rd1 Nxe2 22.Kxe2 f6
23.Nb3 Ba6 24.Na5 Rd8 25.b3 Rxd1 26.Kxd1 Bd8 27.Nc6 Bb6 28.Ba5 Bb7 29.Bxb6 axb6
30.Nb8 Bc8 31.b4 cxb4 32.Kc2 Kf8 33.Nc6 Bd7 34.Nxb4 Ke7 35.Kc3 Kd6 36.Nd3 e5
37.Kb4 Bf5 38.Nf2 Kc6 39.Nd1 g5 40.Nc3 Bd3 41.Ne4 Bf1 42.Nxf6 Bxg2 43.Nxh7 Bxf3
44.Nxg5 Be2 45.h4 Bh5 46.Ne4 Bg6 47.Ng3 Bb1 48.a4 Bh7 49.h5 e4 50.Nf1 Bg8
51.h6 Bh7 52.Ne3 Bg6 53.Nd5 Bh7 54.Kc3 Kc5 55.Nf6 Bg6 56.h7 Bxh7 57.Nxh7 e3
58.Ng5 e2 59.Nf3  1-0

[Event "Klee mem"]
[Site "Zuerich"]
[Date "1989.??.??"]
[Round "10"]
[White "Shvidler, Eliahu"]
[Black "Spycher, B."]
[Result "1-0"]
[WhiteElo "2400"]
[BlackElo "2200"]

1.c4 e6 2.Nf3 d5 3.d4 Nf6 4.Nc3 c6 5.e3 Bd6 6.Qc2 Nbd7 7.Bd2 O-O 8.O-O-O b5
9.c5 Bc7 10.Bd3 e5 11.dxe5 Nxe5 12.Nxe5 Bxe5 13.Ne2 g6 14.Nd4 Qc7 15.h3 Nd7
16.h4 Bg7 17.Nf3 a5 18.Kb1 b4 19.h5 Ne5 20.Nxe5 Qxe5 21.e4 Ba6 22.Bxa6 Rxa6
23.exd5 cxd5 24.Be3 Rc8 25.h6 Bf8 26.Qd3 Qe4 27.f3 Qxd3+ 28.Rxd3 Re6 29.Rc1 d4
30.Bf4 Rxc5 31.Rxd4 Rxc1+ 32.Kxc1 g5 33.Bxg5 Bxh6 34.Bxh6 Rxh6 35.Kc2 Rg6
36.Rg4 Kg7 37.Kb3 h5 38.Rxg6+ Kxg6 39.Ka4 h4 40.Kxa5 Kg5 41.Kxb4 Kf4 42.a4 Kg3
43.a5 Kxg2 44.a6 h3 45.a7 h2 46.a8=Q h1=Q 47.f4+  1-0

[Event "Aarhus-A"]
[Site "Aarhus"]
[Date "1990.??.??"]
[Round "3"]
[White "Ostergaard, Jens"]
[Black "Brautsch, Soren"]
[Result "1/2-1/2"]
[WhiteElo "2295"]
[BlackElo "2240"]

1.d4 d5 2.Nf3 Nf6 3.c4 e6 4.Nc3 c6 5.e3 Nbd7 6.Qc2 Bd6 7.Bd2 O-O 8.O-O-O e5
9.cxd5 cxd5 10.Nb5 Bb8 11.Bb4 Re8 12.Kb1 e4 13.Ng5 Nb6 14.Rc1 h6 15.Nh3 Re6
16.Be2 Rc6 17.Qb3 a5 18.Bc5 Bd7 19.Na3 Na4 20.Qxb7 Bc7 21.Be7 Qb8 22.Qxb8+ Rxb8
23.b3 Nc3+ 24.Kb2 Nxe2 25.Rxc6 Bxc6 26.Re1 Nxd4 27.exd4 Bd7 28.Bxf6 gxf6
29.Nc2 Bxh2 30.Ne3 Be6 31.Rc1 Bd6 32.Rc6 Rd8 33.Ra6 Bc7 34.Rc6 Rd7 35.a3 h5
36.b4 axb4 37.axb4 f5 38.g3 h4 39.Nf4 Bxf4 40.gxf4 h3 41.Rc1 f6 42.Kb3 Rh7
43.Rh1 Kf8 44.b5 Ke7 45.Kb4 Kd6 46.Ka5 Ra7+ 47.Kb4 Ra2 48.Rxh3 Rd2 49.b6 Rxd4+
50.Ka5 Bd7 51.b7 Kc7 52.b8=Q+ Kxb8 53.Kb6 Rb4+ 54.Kc5 Rb5+ 55.Kd6 d4 56.Kxd7 dxe3
57.fxe3 Rb6 58.Rh8+ Kb7 59.Rh7 Ka6 60.Rh5 Kb5 61.Rxf5+ Kc4  1/2-1/2

[Event "Aarhus int-B"]
[Site "Aarhus"]
[Date "1990.??.??"]
[Round "5"]
[White "Hansen, Sune Berg"]
[Black "Muir, Andrew J"]
[Result "1/2-1/2"]
[WhiteElo "2335"]
[BlackElo "2290"]

1.d4 d5 2.c4 e6 3.Nc3 c6 4.e3 Nf6 5.Nf3 Nbd7 6.Bd3 dxc4 7.Bxc4 b5 8.Be2 Bb7
9.e4 b4 10.e5 bxc3 11.exf6 cxb2 12.fxg7 bxa1=Q 13.gxh8=Q Qa5+ 14.Nd2 Ba6
15.O-O Bxe2 16.Qxe2 Q5xa2 17.Qxh7 Qxd4 18.Qeh5 O-O-O 19.Q5xf7 Bc5 20.Qe4 Rf8
21.Qxd4 Bxd4 22.Qh7 Qd5 23.Nf3 Rxf3 24.gxf3 Ne5 25.Qg8+ Kb7 26.Qg7+ Kb6 27.Qg2 Nxf3+
28.Kh1 a5 29.Be3 c5 30.Rb1+ Kc6 31.Rc1 a4 32.Bxd4 Nxd4 33.Qxd5+ exd5 34.h4 c4
35.h5 Nf5 36.Kg2 Kc5 37.Kf3 d4 38.Kf4 Nd6 39.h6 c3 40.h7 Nf7 41.Ra1 Kc4  1/2-1/2

[Event "Aarhus op"]
[Site "Aarhus"]
[Date "1990.??.??"]
[Round "9"]
[White "Hansen, Carsten"]
[Black "Schmitz, Michael"]
[Result "1/2-1/2"]
[WhiteElo "2305"]
[BlackElo "2245"]

1.d4 d5 2.c4 e6 3.Nc3 c6 4.e3 Nf6 5.Nf3 Nbd7 6.Bd3 dxc4 7.Bxc4 b5 8.Be2 b4
9.Na4 Be7 10.O-O O-O 11.Qc2 Bb7 12.Bd2 Rc8 13.Nc5 Nxc5 14.dxc5 Qa5 15.Rfc1 Nd7
16.a3 Qxc5 17.Qa4 Qb6 18.Bxb4 Bxb4 19.axb4 Ra8 20.Nd4 Rfc8 21.Nb3 Nf6 22.Nc5 Rc7
23.e4 Bc8 24.Qd1 Bd7 25.Qd6 Be8 26.Qd4 Rcc8 27.Ra6 Qb8 28.g3 Rd8 29.Qc3 e5
30.Rd1 Rxd1+ 31.Bxd1 Qc7 32.Be2 h6 33.f3 Rd8 34.Nd3 Rd4 35.Qc5 Qd8 36.Qc3 Qb8
37.Qc5 Qd8 38.Ra3 Qb6 39.Rxa7 Rxb4 40.Qxb6 Rxb6 41.b4 Kf8 42.Kf2 Nd7 43.Ke3 f6
44.Kd2 Ke7 45.Kc3 Kd6 46.Nb2 Bf7 47.Na4 Rb8 48.Nc5 Be6 49.Bc4 Bh3 50.Nb3 f5
51.Nd2  1/2-1/2

[Event "Altensteig"]
[Site "Altensteig"]
[Date "1990.??.??"]
[Round "1"]
[White "Topalov, Veselin"]
[Black "Gabriel, Christian"]
[Result "1-0"]
[WhiteElo "2475"]
[BlackElo "2365"]

1.d4 d5 2.c4 e6 3.Nc3 c6 4.e3 Nf6 5.Nf3 Nbd7 6.Qc2 Bb4 7.Be2 O-O 8.O-O dxc4
9.Bxc4 Bd6 10.h3 e5 11.Bb3 Bc7 12.Bd2 exd4 13.exd4 Nb6 14.Rfe1 Qd6 15.Rac1 Nfd5
16.Nxd5 Nxd5 17.Re5 Ne7 18.Ng5 Ng6 19.Rce1 Bd7 20.h4 Qxd4 21.h5  1-0

[Event "Altensteig"]
[Site "Altensteig"]
[Date "1990.??.??"]
[Round "3"]
[White "Stangl, Markus"]
[Black "Gabriel, Christian"]
[Result "1/2-1/2"]
[WhiteElo "2435"]
[BlackElo "2365"]

1.Nf3 d5 2.c4 e6 3.d4 Nf6 4.Nc3 c6 5.e3 Nbd7 6.Qc2 Bb4 7.Bd2 O-O 8.Be2 dxc4
9.Bxc4 Bd6 10.O-O e5 11.h3 exd4 12.exd4 Nb6 13.Bb3 Nbd5 14.Bg5 Qa5 15.Nxd5 Nxd5
16.Rfe1 Bb4 17.Red1 f6 18.Bd2 Be6 19.Bc4 Bxd2 20.Rxd2 Bf7 21.Re1 Rae8 22.Rde2 Rxe2
23.Rxe2 Qd8 24.Qd2 Re8 25.Rxe8+ Qxe8 26.Qa5 a6 27.Qc5 g6 28.Qa7 Qe7 29.a3 Kg7
30.Bf1 g5 31.Qc5 Qe4 32.Qa7 Qe7 33.Qc5  1/2-1/2

[Event "Altensteig"]
[Site "Altensteig"]
[Date "1990.??.??"]
[Round "6"]
[White "Schlosser, Philipp"]
[Black "Chernin, Alexander"]
[Result "1/2-1/2"]
[WhiteElo "2455"]
[BlackElo "2600"]

1.Nf3 d5 2.c4 c6 3.e3 Nf6 4.Nc3 e6 5.d4 Nbd7 6.Qc2 Bd6 7.Be2 O-O 8.O-O dxc4
9.Bxc4 a6 10.e4 e5 11.Be3 Qc7 12.h3 b5 13.Bb3 exd4 14.Bxd4 c5 15.Bxf6 Nxf6
16.Nd5 Nxd5  1/2-1/2

[Event "OHRA-B"]
[Site "Amsterdam"]
[Date "1990.??.??"]
[Round "2"]
[White "Brenninkmeijer, Joris"]
[Black "Polgar, Sofia"]
[Result "1/2-1/2"]
[WhiteElo "2510"]
[BlackElo "2425"]

1.d4 d5 2.c4 e6 3.Nc3 c6 4.e3 Nf6 5.Nf3 Nbd7 6.Bd3 dxc4 7.Bxc4 b5 8.Bd3 Bb7
9.O-O a6 10.e4 c5 11.d5 c4 12.Bc2 Qc7 13.Qe2 Bd6 14.dxe6 fxe6 15.Ng5 Nc5
16.f4 h6 17.Nf3 Nd3 18.Bxd3 cxd3 19.Qxd3 Rd8 20.Qe2 Bxf4 21.Bxf4 Qxf4 22.a4 O-O
23.axb5 axb5  1/2-1/2

[Event "Bad Ragaz op"]
[Site "Bad Ragaz"]
[Date "1990.??.??"]
[Round "9"]
[White "Beutelhoff, Josef"]
[Black "Bex, Pierre Alain"]
[Result "1-0"]
[WhiteElo "2215"]
[BlackElo "2235"]

1.d4 Nf6 2.c4 e6 3.Nc3 d5 4.Nf3 c6 5.e3 Nbd7 6.Qc2 Bd6 7.e4 dxe4 8.Nxe4 Nxe4
9.Qxe4 Qe7 10.Bd3 c5 11.O-O cxd4 12.Qxd4 e5 13.Qc3 O-O 14.Qc2 g6 15.Be4 Nc5
16.Bg5 f6 17.Bd5+ Kh8 18.Bh6 Re8 19.Rad1 Bf5 20.Qe2 Bd3 21.Rxd3 Nxd3 22.Qxd3 Rad8
23.Nd2 f5 24.Nf3 Rd7 25.Qe3 Bc5 26.Qg5 Qd6 27.Qh4 e4 28.Bf4  1-0

[Event "Bad Woerishofen op"]
[Site "Bad Woerishofen"]
[Date "1990.??.??"]
[Round "?"]
[White "Legky, Nikolay A"]
[Black "Klebel, Martin"]
[Result "1/2-1/2"]
[WhiteElo "2455"]
[BlackElo "2335"]

1.d4 d5 2.c4 c6 3.Nc3 Nf6 4.Nf3 e6 5.e3 Nbd7 6.Qc2 Bd6 7.Be2 O-O 8.O-O dxc4
9.Bxc4 e5 10.Bb3 h6 11.h3 Re8 12.Rd1 e4 13.Nd2 Qe7 14.f3 exf3 15.Nxf3 Nb6
16.Qf2 Be6 17.Bc2 Bd5 18.Nh4 Ne4 19.Nxe4 Bxe4 20.Nf5 Qf6 21.Rf1 Rad8 22.Bb3 Bb8
23.Bd2 Nd5 24.g4 h5 25.Ng3 Qxf2+ 26.Kxf2 hxg4 27.hxg4 Bd3 28.Rg1 Nf6 29.Kf3 Nh7
30.Rad1 Ng5+ 31.Kg2 Bxg3 32.Kxg3 Be2 33.Rde1 Ne4+ 34.Kg2 Nxd2 35.Rxe2 Nxb3
36.axb3 Rxd4 37.Kf3 Rb4 38.Rd1 Rxb3 39.Rd7 f6 40.Kf4 Re5 41.Rc2 Kh7 42.Rcd2 Rexe3
43.Rxb7 Rxb7 44.Kxe3 Rb4 45.Kf3 Rc4 46.Rd7 a5 47.Ra7 a4 48.Rb7 Kh6 49.Rf7 Rb4
50.Rc7 Rxb2 51.Rxc6 Rb3+ 52.Kf4 g5+ 53.Ke4 Kg6 54.Rc4 Rg3 55.Kd5 a3 56.Ra4 a2  1/2-1/2

[Event "Baden-Baden op"]
[Site "Baden-Baden"]
[Date "1990.??.??"]
[Round "2"]
[White "Khenkin, Igor"]
[Black "Biebinger, Gerhard"]
[Result "1-0"]
[WhiteElo "2455"]
[BlackElo "2290"]

1.d4 Nf6 2.c4 c6 3.Nc3 d5 4.Nf3 e6 5.e3 Nbd7 6.Bd3 Be7 7.O-O O-O 8.e4 dxe4
9.Nxe4 b6 10.Ne5 Nxe5 11.dxe5 Nxe4 12.Bxe4 Qc7 13.Qf3 Ba6 14.b3 Rac8 15.Qg3 Rfd8
16.Be3 c5 17.f4 Bb7 18.Bc2 Qc6 19.f5 exf5 20.Rxf5 Rf8 21.Raf1 Qg6 22.Qh3 Rce8
23.R1f2 Bc8 24.Qf3 Qe6 25.Qg3 Bd8 26.Rh5 g6 27.h3 Kh8 28.Bh6 Rg8 29.Rg5 Bc7
30.Re2 Re7 31.Bf5 Qc6 32.Be4 Qe8 33.Bd5 Be6 34.Qf4 Bf5 35.g4 f6 36.gxf5 fxg5
37.Qxg5 gxf5 38.Bxg8 Qxg8 39.e6 Bd8 40.Kf1 Qxg5 41.Bxg5 Re8 42.e7 Bc7 43.Rf2 f4
44.Rg2 Be5 45.Bh4 h6 46.Ke2 Kh7 47.Kf3 Bc7 48.Bf6 h5 49.Rg7+ Kh6 50.Ke4  1-0

[Event "Baden-Baden op"]
[Site "Baden-Baden"]
[Date "1990.??.??"]
[Round "4"]
[White "Klebel, Martin"]
[Black "Treffert, Peter"]
[Result "1-0"]
[WhiteElo "2370"]
[BlackElo "2275"]

1.d4 d5 2.Nf3 e6 3.c4 Nf6 4.Nc3 c6 5.e3 Nbd7 6.Qc2 Bd6 7.b3 O-O 8.Be2 dxc4
9.bxc4 e5 10.O-O Re8 11.Bb2 Qe7 12.Rfe1 e4 13.Nd2 Nf8 14.f3 Bf5 15.fxe4 Nxe4
16.Ncxe4 Bxe4 17.Nxe4 Qxe4 18.Qxe4 Rxe4 19.Bf3 Re7 20.e4 Rae8 21.Kf2 c5 22.e5 Bb8
23.Ba3 b6 24.dxc5 Bxe5 25.cxb6 Bd4+ 26.Kf1 Rxe1+ 27.Rxe1 Rxe1+ 28.Kxe1 axb6
29.Ke2 Be5 30.h3 Ne6 31.Be7 Nc7 32.Bh4 Bd4 33.Kd3 Bc5 34.Bg3 Na6 35.Kc3 Be3
36.Kb3 Nc5+ 37.Kb4 Ne6 38.Kb5 Kf8 39.Kc6 Nd4+ 40.Kd7 f5 41.Bd5 g5 42.Bc7 Nc2
43.Ke6 f4 44.Kf6 h6 45.Be4 Bd4+ 46.Kg6 Ne3 47.Kxh6 g4 48.Bxf4 gxh3 49.gxh3 Nxc4
50.Bd5 Ne3 51.Bb3 Ke7 52.Kg6 Ng2 53.Bg5+ Kd6 54.h4 Nxh4+ 55.Bxh4 Kc7 56.Kf7 Be3
57.Ke6 Kc6 58.Ba4+ b5 59.Bb3 Kc5 60.Be7+ Kb6 61.Bb4 Bf2 62.Kd5 Be3 63.Be7 Kb7
64.Bd1 Bf2 65.Be2 Be1 66.Bxb5 Bd2 67.Kc4 Be1 68.Bb4 Bf2 69.Kd5 Kb6 70.a4 Bg3
71.Bd3 Ka7 72.a5 Ka8 73.a6 Bb8 74.Bc5  1-0

[Event "Baden-Baden op"]
[Site "Baden-Baden"]
[Date "1990.??.??"]
[Round "5"]
[White "Tabatadze, Tamaz"]
[Black "Klebel, Martin"]
[Result "1/2-1/2"]
[WhiteElo "2365"]
[BlackElo "2370"]

1.d4 d5 2.c4 c6 3.Nf3 Nf6 4.Nc3 e6 5.e3 Nbd7 6.Qc2 Bd6 7.Be2 O-O 8.O-O dxc4
9.Bxc4 e5 10.dxe5 Nxe5 11.Nxe5 Bxe5 12.h3 Qe7 13.Bd3 Bd7 14.Bd2 c5 15.Ne4 Nxe4
16.Bxe4 g6 17.Rac1 Rac8 18.b3 Bc6 19.Bxc6 Rxc6 20.Bc3 b6 21.Bxe5 Qxe5 22.Rfd1 Rd6
23.Rxd6 Qxd6 24.Rd1 Qc7 25.Qd3 Rc8 26.Qa6 Kg7 27.Qa4 Rd8 28.Rxd8 Qxd8 29.Qxa7 Qd1+
30.Kh2 Qd6+ 31.f4 Qe6  1/2-1/2

[Event "Baden-Baden op"]
[Site "Baden-Baden"]
[Date "1990.??.??"]
[Round "5"]
[White "Mohr, Stefan"]
[Black "Gabriel, Robert"]
[Result "1-0"]
[WhiteElo "2430"]
[BlackElo "2245"]

1.d4 d5 2.c4 e6 3.Nc3 c6 4.e3 Nf6 5.Nf3 Nbd7 6.Qc2 Bd6 7.Be2 O-O 8.O-O dxc4
9.Bxc4 e5 10.h3 h6 11.Rd1 Qe7 12.Nh4 Nb6 13.Ng6 Qc7 14.dxe5 Bxe5 15.Nxe5 Qxe5
16.Bd3 Be6 17.e4 Rad8 18.Be3 Qh5 19.Ne2 Bc8 20.a4 Rfe8 21.a5 Nbd7 22.Ng3 Qe5
23.Bxa7 Nh5 24.Nxh5 Qxh5 25.Be2 Qh4 26.f3 Ne5 27.Bf2 Qg5 28.h4 Qf4 29.Rxd8 Rxd8
30.Rd1 Qf6 31.Rxd8+ Qxd8 32.Qc3 Ng6 33.g3 f6 34.f4 f5 35.h5 Ne7 36.Bb6 Qd7
37.Qe5 fxe4 38.Qxe4 Nd5 39.Bd4 Qf7 40.Bd3 Bg4 41.Qh7+ Kf8 42.Bc5+  1-0

[Event "Baden-Baden op"]
[Site "Baden-Baden"]
[Date "1990.??.??"]
[Round "9"]
[White "Keilhack, Harald"]
[Black "Blagojevic, Dragisa"]
[Result "1/2-1/2"]
[WhiteElo "2330"]
[BlackElo "2410"]

1.d4 d5 2.c4 c6 3.Nc3 Nf6 4.e3 e6 5.Nf3 Nbd7 6.Qc2 Bd6 7.b3 O-O 8.Be2 dxc4
9.bxc4 e5 10.O-O Re8 11.Re1 Qe7 12.Bb2 e4 13.Nd2 Nf8 14.f3 exf3 15.Bxf3 Bg4
16.e4 Ne6 17.Ne2 Ng5 18.e5 Bb4 19.Bc3 Bxf3 20.Bxb4 Qxb4 21.Nxf3 Nxf3+ 22.gxf3 Nh5
23.Ng3 Nxg3 24.hxg3  1/2-1/2

[Event "Badenweiler op"]
[Site "Badenweiler"]
[Date "1990.??.??"]
[Round "3"]
[White "Efimov, Igor"]
[Black "Klebel, Martin"]
[Result "0-1"]
[WhiteElo "2435"]
[BlackElo "2370"]

1.Nf3 d5 2.d4 Nf6 3.c4 c6 4.e3 e6 5.Nc3 Nbd7 6.Be2 Bd6 7.O-O O-O 8.b3 Re8
9.Bb2 dxc4 10.bxc4 Qe7 11.Qb3 e5 12.Rfe1 e4 13.c5 Bc7 14.Ng5 Nf8 15.Bc4 Be6
16.Bxe6 Nxe6 17.Ngxe4 Nxe4 18.Nxe4 Bxh2+ 19.Kxh2 Qh4+ 20.Kg1 Qxe4 21.f3 Qh4
22.Qc3 Rad8 23.Red1 Rd5 24.Qe1 Qh6 25.Kf2 Rh5 26.Qc3 Rh2 27.Rg1 Ng5 28.Rae1 Qh5
29.e4 Nh3+ 30.Ke3 Qg5+ 31.Kd3 Nxg1 32.Rxg1 Rxg2 33.Rxg2 Qxg2 34.Ke3 h5 35.Qb3 h4  0-1

[Event "Bahrain"]
[Site "Bahrain"]
[Date "1990.??.??"]
[Round "3"]
[White "Smejkal, Jan"]
[Black "Flear, Glenn C"]
[Result "1/2-1/2"]
[WhiteElo "2530"]
[BlackElo "2470"]

1.c4 e6 2.Nc3 d5 3.d4 c6 4.Nf3 Nf6 5.e3 Nbd7 6.Be2 Bd6 7.O-O O-O 8.b3 b6
9.Bb2 Bb7 10.Qc2 Re8 11.Rfd1 Qe7 12.Rac1  1/2-1/2

[Event "Balassagyarmat"]
[Site "Balassagyarmat"]
[Date "1990.??.??"]
[Round "3"]
[White "Adorjan, Andras"]
[Black "Mueller, Karsten"]
[Result "1/2-1/2"]
[WhiteElo "2520"]
[BlackElo "2380"]

1.c4 e6 2.Nc3 d5 3.d4 c6 4.e3 Nf6 5.Nf3 Nbd7 6.Qc2 Bd6 7.Be2 O-O 8.O-O e5
9.cxd5 cxd5 10.Nb5 Bb8 11.dxe5 Nxe5 12.Bd2 Ne4 13.Be1 Qb6 14.Nbd4 Qh6 15.Bb4 Re8
16.Nxe5 Bxe5 17.Nf3 Bb8 18.Qa4 Rd8 19.Be7 Bd7 20.Qd4 Re8 21.Bh4 Bc6 22.Bg3 Nxg3
23.hxg3 a6 24.Qd2  1/2-1/2

[Event "Balassagyarmat"]
[Site "Balassagyarmat"]
[Date "1990.??.??"]
[Round "5"]
[White "Roeder, Mathias"]
[Black "Mueller, Karsten"]
[Result "1/2-1/2"]
[WhiteElo "2450"]
[BlackElo "2380"]

1.d4 d5 2.c4 c6 3.Nc3 e6 4.e3 Nf6 5.Nf3 Nbd7 6.Be2 Bd6 7.O-O O-O 8.b3 dxc4
9.Bxc4 e5 10.Bb2 Qe7 11.Qc2 e4 12.Ng5 Bxh2+ 13.Kxh2 Ng4+ 14.Kg1 Qxg5 15.Qxe4 Nb6
16.Be2 f5 17.Qf4 Qxf4 18.exf4 Be6 19.Rfe1 Rfe8 20.Bd3 Nf6 21.Ba3 Rad8 22.Ne2 Nbd5
23.Rad1 g6 24.g3 Kf7 25.Rd2 Nc7 26.f3 Bd5 27.Kf2 Ne6 28.Bc2 Nc7 29.Rh1 h5
30.Nc1 Nb5 31.Bb2 Nd7 32.Nd3 Kg7 33.Ne5 Nxe5 34.dxe5 Be6 35.Rhd1 Rxd2+ 36.Rxd2 Kf7
37.Rd1 Nc7 38.Bc3 Bd5 39.Bd3 Ne6 40.Ke3 Rd8 41.Rd2 Nc7 42.Be2 Ne6 43.Rd1 Rh8
44.Rh1 Rd8 45.Rc1 Rh8 46.Be1 Rd8 47.Bf2 Nc7 48.Rd1 Ne6 49.Rc1  1/2-1/2

[Event "Barcelona"]
[Site "Barcelona"]
[Date "1990.??.??"]
[Round "1"]
[White "Illescas Cordoba, Miguel"]
[Black "Smyslov, Vassily"]
[Result "1/2-1/2"]
[WhiteElo "2535"]
[BlackElo "2570"]

1.Nf3 d5 2.d4 Nf6 3.c4 c6 4.Nc3 e6 5.e3 Nbd7 6.Bd3 dxc4 7.Bxc4 b5 8.Bd3 a6
9.e4 c5 10.e5 cxd4 11.Nxb5 axb5 12.exf6 gxf6 13.O-O Qb6 14.Be4 Bb7 15.Bxb7 Qxb7
16.Nxd4 Rg8 17.Qf3 Qxf3 18.Nxf3 Rg4 19.b3 Nb6 20.Bb2 Nd5 21.a3 Bc5 22.Rfc1 Bb6
23.g3 Kd7 24.Rd1 Kc7 25.Kf1 Kb7 26.Rac1 h5 27.h3 Rgg8 28.Nd4 Bxd4 29.Rxd4 Rgc8
30.Rh4 Rxc1+ 31.Bxc1 Rc8 32.Bd2 Rc2 33.Be1 Kc6 34.Rxh5 Ra2 35.a4 bxa4 36.bxa4 Rxa4
37.Rh7 Kd6 38.Rxf7 e5 39.h4 Ke6 40.Rg7 f5 41.h5 Ra8 42.Bd2 Rh8 43.Rg6+ Kf7
44.Rg5 Ke6 45.f4 exf4 46.gxf4 Rh6 47.Bc1 Nf6 48.Rg6 Rxg6 49.hxg6 Nh5 50.Kf2  1/2-1/2

[Event "Bela Crkva op"]
[Site "Bela Crkva"]
[Date "1990.??.??"]
[Round "3"]
[White "Yakovich, Yuri"]
[Black "Vul, Arkadi Eremeevich"]
[Result "1-0"]
[WhiteElo "2470"]
[BlackElo "2370"]

1.d4 d5 2.c4 e6 3.Nc3 c6 4.Nf3 Nf6 5.e3 Nbd7 6.Bd3 dxc4 7.Bxc4 b5 8.Bd3 a6
9.e4 c5 10.d5 c4 11.dxe6 cxd3 12.exd7+ Qxd7 13.O-O Bb7 14.Re1 Be7 15.e5 Nd5
16.Ne4 O-O 17.Qxd3 Qg4 18.Ng3 Nb4 19.Qf5 Bxf3 20.gxf3 Qc4 21.Re4 Qe6 22.Bg5 Nd5
23.Rd1 Bc5 24.Rg4 g6 25.Qe4 Nc7 26.Qc2 Qxe5 27.Bf4 Qe7 28.Nf5 Qf6 29.Bxc7  1-0

[Event "Berliner Sommer"]
[Site "Berlin"]
[Date "1990.??.??"]
[Round "?"]
[White "Groszpeter, Attila"]
[Black "Linker, Torsten"]
[Result "1-0"]
[WhiteElo "2545"]
[BlackElo "2330"]

1.d4 d5 2.c4 c6 3.Nc3 Nf6 4.e3 e6 5.Nf3 Be7 6.Bd3 dxc4 7.Bxc4 Nbd7 8.O-O O-O
9.e4 Nb6 10.Bd3 c5 11.dxc5 Bxc5 12.e5 Nfd5 13.Bxh7+ Kxh7 14.Ng5+ Kg6 15.Qc2+ f5
16.exf6  1-0

[Event "Berliner Sommer"]
[Site "Berlin"]
[Date "1990.??.??"]
[Round "?"]
[White "Bykhovsky, Avigdor"]
[Black "Oltean, Dorel"]
[Result "1-0"]
[WhiteElo "2495"]
[BlackElo "2390"]

1.d4 d5 2.c4 c6 3.Nf3 Nf6 4.Nc3 e6 5.e3 Nbd7 6.Qc2 Bd6 7.Be2 dxc4 8.Bxc4 e5
9.O-O O-O 10.h3 Qe7 11.Bb3 h6 12.Nh4 Qd8 13.Nf5 Bc7 14.Rd1 Qe8 15.Nb5 Qd8
16.Nxc7 Qxc7 17.d5 Nb6 18.dxc6 Bxf5 19.Qxf5 bxc6 20.e4 Qe7 21.Be3 c5 22.Rac1 Rac8
23.Rc3 Rc7 24.Bxh6 gxh6 25.Rd6 Nbd7 26.Qg6+ Kh8 27.Qxh6+ Nh7 28.Rg3  1-0

[Event "Bern op"]
[Site "Bern"]
[Date "1990.??.??"]
[Round "7"]
[White "Bosbach, Gerhard"]
[Black "Muir, Andrew J"]
[Result "1-0"]
[WhiteElo "2260"]
[BlackElo "2290"]

1.d4 d5 2.c4 e6 3.Nc3 c6 4.Nf3 Nf6 5.e3 Nbd7 6.Bd3 dxc4 7.Bxc4 b5 8.Bd3 Bb7
9.O-O a6 10.Qe2 c5 11.Rd1 Qb6 12.a4 b4 13.a5 Qc7 14.Nb1 Bd6 15.Nbd2 O-O 16.h3 cxd4
17.exd4 Nd5 18.g3 Bxg3 19.Ne4 Bf4 20.Be3 f5 21.Rdc1 Qb8 22.Nc5 Bxe3 23.fxe3 Nxc5
24.dxc5 Bc6 25.Kf2 e5 26.Bc4 e4 27.Nd4 f4 28.Nxc6 fxe3+ 29.Kg2 Qf4 30.Rf1 Qh6
31.Ne7+ Kh8 32.Nxd5 Rfd8  1-0

[Event "Biel op (Women)"]
[Site "Biel"]
[Date "1990.??.??"]
[Round "2"]
[White "Prudnikova, Svetlana"]
[Black "Arakhamia, Ketevan"]
[Result "0-1"]
[WhiteElo "2210"]
[BlackElo "2380"]

1.d4 d5 2.c4 c6 3.Nc3 Nf6 4.e3 e6 5.Nf3 Nbd7 6.Bd3 dxc4 7.Bxc4 b5 8.Bd3 a6
9.e4 c5 10.e5 cxd4 11.Nxb5 axb5 12.exf6 Qb6 13.fxg7 Bxg7 14.O-O O-O 15.Re1 Bb7
16.Bf4 Bd5 17.Ne5 Ra7 18.b4 f5 19.Nxd7 Rxd7 20.Qe2 e5 21.Bxe5 Re7 22.f4 Bxe5
23.fxe5 Rg7 24.e6 Rxg2+ 25.Qxg2+ Bxg2 26.Kxg2 Kh8 27.Rac1 Rg8+ 28.Kf3 Qb7+
29.Kf4 Qd5 30.Bxf5 d3 31.Rc5 Qxa2 32.Ke4 Qg2+ 33.Ke3 Qxh2 34.e7 d2 35.Rd1 Rg3+
36.Kd4 Qh4+ 37.Kd5 Qxe7 38.Rxd2 Rg5 39.Kc6 Qf6+ 40.Rd6 Qf8 41.Rcd5 Rxf5 42.Rd8 Qxd8
43.Rxd8+ Kg7 44.Rd6 h5 45.Kb7 h4 46.Rd4 Rh5 47.Rf4 Kg6 48.Kc6 Kg5 49.Rd4 h3
50.Kxb5 h2 51.Rd1 h1=Q 52.Rxh1 Rxh1 53.Kc6 Kf6 54.b5 Ke7 55.b6 Kd8 56.Kb7 Rb1  0-1

[Event "Biel-C"]
[Site "Biel"]
[Date "1990.??.??"]
[Round "11"]
[White "Fioramonti, Hung"]
[Black "Peisser, Manfred"]
[Result "1-0"]
[WhiteElo "2335"]
[BlackElo "2250"]

1.Nf3 d5 2.c4 c6 3.d4 Nf6 4.Nc3 e6 5.e3 Nbd7 6.Bd3 dxc4 7.Bxc4 b5 8.Be2 b4
9.Na4 Qa5 10.Bd2 c5 11.O-O Ba6 12.Nxc5 Nxc5 13.dxc5 Bxe2 14.Qxe2 Bxc5 15.a3 Qb6
16.axb4 Bxb4 17.Ra6 Qb7 18.Bxb4 Qxb4 19.Nd4 O-O 20.Nc6 Qb3 21.Rfa1 Nd5 22.h3 h6
23.Rxa7 Rxa7 24.Rxa7 Qb6 25.Ra6 Qc5 26.Nd4 Qc1+ 27.Kh2 Rb8 28.b3 Qc7+ 29.g3 Qb7
30.Qc4 e5 31.Nc6 Qxb3 32.Qxd5  1-0

[Event "Bielsko Biala op"]
[Site "Bielsko Biala"]
[Date "1990.??.??"]
[Round "6"]
[White "Matlak, Marek"]
[Black "Wielecki, Zygmunt"]
[Result "0-1"]
[WhiteElo "2420"]
[BlackElo "2305"]

1.d4 Nf6 2.Nf3 d5 3.c4 e6 4.Nc3 c6 5.e3 Ne4 6.Nxe4 dxe4 7.Nd2 f5 8.f3 Bd6
9.g3 exf3 10.Nxf3 Nd7 11.Bd3 O-O 12.Qc2 c5 13.O-O b6 14.d5 Ne5 15.Nxe5 Bxe5
16.Bd2 Qg5 17.e4 f4 18.Kh1 exd5 19.exd5 Bh3 20.Bxf4 Bxf4 21.Bxh7+ Kh8 22.Rxf4 Rxf4
23.gxf4 Qxf4 24.Qe4 Qf2 25.Bg6 Rf8 26.Rg1 Qxg1+  0-1

[Event "Brocco op"]
[Site "Brocco"]
[Date "1990.??.??"]
[Round "6"]
[White "Hort, Vlastimil"]
[Black "Flear, Glenn C"]
[Result "1/2-1/2"]
[WhiteElo "2545"]
[BlackElo "2485"]

1.d4 d5 2.c4 e6 3.Nc3 c6 4.e3 Nf6 5.Nf3 a6 6.g3 Bb4 7.Bd2 Nbd7 8.Bd3 O-O
9.O-O Bd6 10.Rc1 Re8 11.e4 e5 12.cxd5 exd4 13.Nxd4 cxd5 14.exd5 Nb6 15.Bg5 Be7
16.Re1 Bg4 17.Qd2 Nbxd5 18.h3 Bh5 19.Nxd5 Nxd5 20.Nf5 Bxg5 21.Rxe8+ Qxe8
22.Qxg5 Bg6 23.Nd6 Qe6 24.Bc4  1/2-1/2

[Event "Noviki-A"]
[Site "Budapest"]
[Date "1990.??.??"]
[Round "2"]
[White "Roeder, Mathias"]
[Black "Horvath, Csaba"]
[Result "0-1"]
[WhiteElo "2450"]
[BlackElo "2460"]

1.d4 d5 2.c4 c6 3.Nc3 Nf6 4.e3 e6 5.Nf3 Nbd7 6.Qc2 Bd6 7.Be2 O-O 8.O-O dxc4
9.Bxc4 c5 10.dxc5 Bxc5 11.a3 Bd6 12.Rd1 Qe7 13.Nb5 Bb8 14.Bd2 Nc5 15.Nbd4 Bd7
16.Rac1 Rc8 17.Qb1 Qe8 18.b4 Nce4 19.Be1 Ba4 20.Bb3 Bd6 21.Bxa4 Qxa4 22.Qb3 Qxb3
23.Nxb3 Nd5 24.Na5 Ndc3 25.Rxc3 Nxc3 26.Rxd6 Nb5 27.Rd7 b6 28.Nb7 Nxa3 29.h4 Rc1
30.Kh2 Rac8 31.Nd6 R1c7 32.Rxf7 Rxf7 33.Nxc8 Nc4 34.Nd2 Nxd2 35.Bxd2 Rxf2
36.Be1 Re2 37.Bg3 a5 38.b5 a4 39.Bd6 Rxe3 40.Nxb6 a3 41.Nc4 a2 42.Nxe3 a1=Q
43.b6 Qd4 44.Bc7 Qxh4+ 45.Kg1 Qe4 46.Ng4 Kf7 47.Nf2 Qb1+ 48.Kh2 Ke7 49.Nd3 Qb5
50.Ne5 h5 51.g4 Kf6 52.gxh5 Kg5 53.Kg3 Kxh5 54.Kf4 g5+ 55.Ke4 Qd5+ 56.Ke3 g4
57.Nd3 Kh4 58.Nf4 Qf3+ 59.Kd4 g3 60.Ng6+ Kg5 61.Ne5 Qd1+ 62.Ke3 g2 63.Nf3+  0-1

[Event "Spring op"]
[Site "Budapest"]
[Date "1990.??.??"]
[Round "3"]
[White "Orgovan, Sandor"]
[Black "Majorovas, Vitalijus"]
[Result "1-0"]
[WhiteElo "2285"]
[BlackElo "2440"]

1.d4 d5 2.c4 e6 3.Nf3 Nf6 4.Nc3 c6 5.e3 Nbd7 6.Qc2 Bd6 7.Be2 O-O 8.O-O dxc4
9.Bxc4 e5 10.h3 Qe7 11.Rd1 g6 12.e4 exd4 13.Nxd4 Nh5 14.Bh6 Re8 15.Qd2 Bc5
16.f4 Nb6 17.Bg5 Qf8 18.Bb3 Be6 19.Bxe6 fxe6 20.b4 Bxb4 21.Nde2 Na4 22.Rac1 Nxc3
23.Nxc3 h6 24.Bh4 Qxf4 25.Qe1 Rf8 26.Rd7 g5 27.Bf2 Rad8 28.Be3 Qg3 29.Bf2 Qe5
30.Rxd8 Rxd8 31.Kh1  1-0

[Event "Elekes mem"]
[Site "Budapest"]
[Date "1990.??.??"]
[Round "4"]
[White "Lukacs, Peter"]
[Black "Csom, Istvan"]
[Result "1/2-1/2"]
[WhiteElo "2505"]
[BlackElo "2505"]

1.Nf3 d5 2.c4 c6 3.d4 Nf6 4.e3 e6 5.Nc3 Be7 6.Bd3 Nbd7 7.O-O O-O 8.b3 b6
9.Bb2 Bb7 10.Qe2 c5 11.cxd5 exd5 12.Rfd1  1/2-1/2